Gran diccionario de sinónimos, antónimos e ideas afines.
Guardado en:
| Autor Principal: | |
|---|---|
| Formato: | Libro |
| Idioma: | Spanish |
| Publicado: |
Buenos Aires : [Santiago] :
Ediciones Larousse Argentina ; Editorial Bibliográfica,
[1983]
|
| Edición: | [Nueva ed. rev.]. |
| Materias: | |
| Etiquetas: |
Agregar Etiqueta
Sin Etiquetas, Sea el primero en etiquetar este registro!
|
| LEADER | 00692cam a2200193 a 4500 | ||
|---|---|---|---|
| 001 | MAT.inmabb007105 | ||
| 008 | 831130s1983####ag#######d####000#0#spa## | ||
| 005 | 20180405121250.0 | ||
| 245 | 1 | 0 | |a Gran diccionario de sinónimos, antónimos e ideas afines. |
| 250 | |a [Nueva ed. rev.]. | ||
| 260 | |a Buenos Aires : |b Ediciones Larousse Argentina ; |a [Santiago] : |b Editorial Bibliográfica, |c [1983] | ||
| 300 | |a 506 p. ; |c 24 cm. | ||
| 020 | |a 9500381990 | ||
| 020 | |a 8449931991 (Editorial Bibliográfica) | ||
| 100 | 1 | |a Morrison, Tirso M. | |
| 650 | 0 | |a Spanish language |x Synonyms and antonyms |x Dictionaries. | |
| 010 | |a 83180059 | ||
| 040 | |a DLC |c DLC |d DLC | ||
| 859 | |h IDIOMAS |i M878 |p A-5286 |b BIB. MATEMATICA | ||
